| 000 | 00701cam a22002057a 4500 | ||
|---|---|---|---|
| 003 | MX-MxUPN | ||
| 005 | 20260306151318.0 | ||
| 008 | 241128s2001 mx| |||fr|||| 000 0 spa d | ||
| 020 | _a9701865537 | ||
| 040 |
_aMX-MxUPN _bspa |
||
| 050 | 0 |
_aZ711 _bB89 2001 |
|
| 245 | 0 | 3 | _aEl buzón de sugerencias |
| 250 | _aSegunda edición corregida y aumentada | ||
| 260 |
_aMéxico, D.F. : _bConsejo Nacional para la Cultura y las Artes, _cc2001. |
||
| 300 |
_a27 páginas : _bilustraciones |
||
| 490 | 0 | _aColección Apoyo a la capacitación bibliotecaria. Serie instructivos | |
| 650 | 2 |
_aServicios bibliotecarios _94811 |
|
| 902 |
_aMarielOrtiz/281124 _bVíctorGodínez/051224 |
||
| 942 |
_2lcc _cFOLL |
||
| 999 |
_c212213 _d212213 |
||